Pathophysiology (Record no. 6286)

MARC details
000 -LEADER
fixed length control field 00445nam a22001817a 4500
005 - DATE AND TIME OF LATEST TRANSACTION
control field 20230118120406.0
008 - FIXED-LENGTH DATA ELEMENTS--GENERAL INFORMATION
fixed length control field 200518b xxu||||| |||| 00| 0 eng d
020 ## - INTERNATIONAL STANDARD BOOK NUMBER
ISBN 9789384875213
041 ## - LANGUAGE CODE
Language code of text/sound track or separate title eng
082 ## - DEWEY DECIMAL CLASSIFICATION NUMBER
Classification number 616.15 DAH
100 ## - MAIN ENTRY--AUTHOR NAME
Personal name Singh Dahiva Randhir
245 ## - TITLE STATEMENT
Title Pathophysiology
250 ## - EDITION STATEMENT
Edition statement 1'st
260 ## - PUBLICATION, DISTRIBUTION, ETC. (IMPRINT)
Place of publication Modinagar (UP)
Name of publisher Unnati Publication
Year of publication 2018
300 ## - PHYSICAL DESCRIPTION
Number of Pages 350
650 ## - SUBJECT ADDED ENTRY--TOPICAL TERM
Topical Term Pharmacy
General subdivision D.PHARMA
942 ## - ADDED ENTRY ELEMENTS (KOHA)
Koha item type Books
Holdings
Lost status Damaged status Collection code Home library Current library Shelving location Date acquired Source of acquisition Cost, normal purchase price Full call number Accession Number Koha item type
    PHARMACY JRU Library JRU Library Shelf - 22- F 18/05/2020 PURCHASE 345.00 616.15 DAH 24019 Books
    PHARMACY JRU Library JRU Library Shelf - 22- F 18/05/2020 PURCHASE 345.00 616.15 DAH 24020 Books
    PHARMACY JRU Library JRU Library Shelf - 22- F 18/05/2020 PURCHASE 345.00 616.15 DAH 24021 Books
    PHARMACY JRU Library JRU Library SHELF-4-E 18/05/2020 PURCHASE 345.00 616.15 DAH 24022 Books
    Reference JRU Library JRU Library SHELF-4-E 18/05/2020 PURCHASE 345.00 616.15 DAH 24023 Books